Canadian Ice hockey teams - Statistics

General Stats
  • This quiz has been taken 530 times
  • The average score is 8 of 8
Answer Stats
Hint Answer % Correct
Vancouver Canucks
98%
Edmonton Oilers
98%
Toronto Maple Leafs
97%
Calgary Flames
96%
Winnipeg Jets
96%
Pittsburg Penguins
96%
Ottawa Senators
96%
Montreal Canadiens
94%
No matching quizzes found
Score Distribution
Percent of People with Each Score
Percentile by Number Answered
Your Score History
You have not taken this quiz